| 000 | 00421nam a22001697a 4500 | ||
|---|---|---|---|
| 999 |
_c4012 _d3969 |
||
| 008 | 200124b ||||| |||| 00| 1 eng d | ||
| 020 | _a9786050900804 | ||
| 041 | _atur | ||
| 050 | _aPL248.E5127 | ||
| 100 |
_91779 _aEkren, Duygu Bayar |
||
| 245 | _aKomşu Kapı | ||
| 250 | _a1.Baskı | ||
| 260 |
_aİstanbul: _bDoğan Kitap, _cNisan 2011 |
||
| 300 | _a193 Sayfa | ||
| 650 | 0 |
_9145 _aTürk Edebiyatı |
|
| 942 |
_2lcc _cBK |
||